Q´euña : (Record no. 22206)

000 -CABECERA
fixed length control field 01446nam a22002297a 4500
003 - IDENTIFICADOR DEL NÚMERO DE CONTROL
control field AR-CdUCM
008 - DATOS DE LONGITUD FIJA--INFORMACIÓN GENERAL
fixed length control field 190425b ||||| |||| 00| 0 spa d
040 ## - FUENTE DE LA CATALOGACIÓN
Agencia/entidad que catalogó originalmente la obra MUNICIPALIDAD PROVINCIAL DEL CUSCO
Entidad que transcribió la catalogación BIBLIOTECA MUNICIPAL DEL CUSCO
082 ## - NÚMERO DE LA CLASIFICACIÓN DECIMAL DEWEY
No. de Clasificación Qeuña/N°2/2008
245 ## - MENCIÓN DE TÍTULO
Título Q´euña :
Resto del título revista de la Sociedad Botánica del Cusco /
Mención de responsabilidad Sociedad Botánica del Cusco
260 ## - PUBLICACIÓN, DISTRIBUCIÓN, ETC.
Lugar de publicación, distribución, etc. Cusco.
Nombre de la editorial, distribuidor, etc. Moderna,
Fecha de publicación, distribución, etc. 2008.
300 ## - DESCRIPCIÓN FÍSICA
Nº de Páginas Extensión 62 páginas. :
Otros detalles físicos ilustraciones ;
Dimensiones 28 cm.
440 ## - MENCIÓN DE SERIE/PUNTO DE ACCESO ADICIONAL--TÍTULO
Título Q´euña.
Número de la parte/sección de una obra Año II, N°02, 2008.
9 (RLIN) 47644
505 ## - NOTA DE CONTENIDO CON FORMATO
Nota de contenido formateada Contenido: Aislamiento y evacuación de medios de cultivo para el crecimiento vegetativo del hongo del valle de la Convención. -- Liquenobiota del Parque Arqueológico de Saqsaywaman. -- Frutales nativos silvestres consumidos en los mercados locales y zonas rurales de la Amazonía peruana Departamentos de Cusco, Loreto y Madre de Dios. -- Estudio florístico preliminar del cañón de Suykutambo de la provincia de Espinar. -- Forestales nativos del Valle Sagrado. -- Conozcamos nuestros forestales nativos. -- Significado de las flores. -- Sociedad protectora de la naturaleza del Cusco. -- La diversidad de la flora alto andina entre 3500-4500 msnm.
650 ## - PUNTO DE ACCESO ADICIONAL DE MATERIA--TÉRMINO DE MATERIA
Descriptor Botánica cusqueña
9 (RLIN) 45807
650 ## - PUNTO DE ACCESO ADICIONAL DE MATERIA--TÉRMINO DE MATERIA
Descriptor Biodiversidad
9 (RLIN) 19327
700 ## - PUNTO DE ACCESO ADICIONAL--NOMBRE DE PERSONA
Nombre Personal Tupayachi Herrera, Alfredo
9 (RLIN) 20659
700 ## - PUNTO DE ACCESO ADICIONAL--NOMBRE DE PERSONA
Nombre Personal Mostajo Zavaleta, Martha
9 (RLIN) 47645
710 ## - PUNTO DE ACCESO ADICIONAL--NOMBRE DE ENTIDAD CORPORATIVA
Nombre corporativo (En letras Mayúsculas) Sociedad Botánica del Cusco
9 (RLIN) 47643
942 ## - ELEMENTOS DE PUNTO DE ACCESO ADICIONAL (KOHA)
Fuente de clasificación
Tipo de item Revistas cusqueñas
945 ## - PROCESAMIENTO DE INFORMACIÓN LOCAL (OCLC)
Catalogador rac
Holdings
Estado de retiro (separado) Fuente de clasificación o esquema de estanterías Estado dañado Ubicación Sala donde se ubica Nombre de la colección Fecha de adquisición o compra Signatura topográfica Código de Barras Última vez visto (Koha) Tipo de ítem (Koha)
No     Sala Hemeroteca Sala Hemeroteca Book Cart 2022-03-23 Qeuña/N°2/2008 REVC000874 2022-03-23 Revistas cusqueñas

Powered by Koha